Statystyki dla Miejscowości zawierające człon regionu w nazwie: Kujawskie

Kliknij tutaj aby rozwiązać quiz!

Ogólne statystyki

  • Ten quiz został rozwiązany 18 razy
  • Średni wynik to 4 z 14

Statystyki odpowiedzi

Miasta% Poprawnych
Aleksandrów Kujawski
78%
Brześć Kujawski
72%
Solec Kujawski
67%
Piotrków Kujawski
56%
Lubień Kujawski
39%
Złotniki Kujawskie
33%
Izbica Kujawska
28%
Gołaszewo Kujawskie
6%
Strzelce Kujawskie
6%
Dąbie Kujawskie
0%
Dąbrówka Kujawska
0%
Kępa Kujawska
0%
Kunowo Kujawskie
0%
Łąki Kujawskie
0%

Rozkład punktacji

Percentyl według liczby udzielonych odpowiedzi

Procent ludzi z każdym wynikiem

Twoja historia wyników

Nie rozwiązałeś tego quizu